GO! navigate your way to success / (Record no. 142319)

MARC details
000 -LEADER
fixed length control field 00593nam a22001937a 4500
005 - DATE AND TIME OF LATEST TRANSACTION
control field 20170706110306.0
010 ## - LCCN (DPL NO)
LC control number ENG-119115
020 ## - INTERNATIONAL STANDARD BOOK NUMBER
International Standard Book Number 9789351867746
Terms of availability 400.00
035 ## - SYSTEM CONTROL NUMBER
System control number EN-102647
037 ## - SOURCE OF ACQUISITION
Source of stock number/acquisition DBAD/PUB
082 ## - DEWEY DECIMAL CLASSIFICATION NUMBER
Classification number 650.1
100 ## - MAIN ENTRY--PERSONAL NAME
Personal name HIill, Napoleon
245 ## - TITLE STATEMENT
Title GO! navigate your way to success /
Statement of responsibility, etc by Napoleon Hill [and] George Harrison Phelps
260 ## - PUBLICATION, DISTRIBUTION, ETC. (IMPRINT)
Name of publisher, distributor, etc Prabhat prakashan
Date of publication, distribution, etc 2016
Place of publication, distribution, etc New Delhi
270 ## - ADDRESS
Address 4/19 Asaf Ali Road,
City New Delhi
Postal code 110002
300 ## - PHYSICAL DESCRIPTION
Extent xi,212.p.
Dimensions 22cm(Hb)
700 ## - ADDED ENTRY--PERSONAL NAME
Personal name Phelps,George Harrison
942 ## - ADDED ENTRY ELEMENTS (KOHA)
Source of classification or shelving scheme Dewey Decimal Classification
Item type English Books
Classification part 650.1
Call number suffix HIL
Holdings
Withdrawn status Lost status Not for loan Collection code Home library Current library Date acquired Source of acquisition Cost, normal purchase price Full call number Barcode Copy number Cost, replacement price Koha item type
    Not For Loan Non-fiction D.B.Act.Division Bawana 06/07/2017 DBAD/PUB 400.00 650.1 HIL EN-102647 1 400.00 English Books

© Delhi Public Library
Hit Counter
free hit counter